Statistics for [路線図付き] JR東日本 中央・総武線各駅停車 駅名穴埋めクイズ

Click here to take the quiz!

General Stats

  • This quiz has been taken 726 times
  • The average score is 32 of 39

Answers on the Map

Answers color-coded by a green-red scale on the quiz's map according to % correct below.
 

Answer Stats

Answer% Correct
中央・総武線各駅停車JB10新宿
96%
中央・総武線各駅停車JB39千葉
95%
中央・総武線各駅停車JB07中野
94%
中央・総武線各駅停車JB19秋葉原
93%
中央・総武線各駅停車JB18御茶ノ水
93%
中央・総武線各駅停車JB01三鷹
92%
中央・総武線各駅停車JB30西船橋
89%
中央・総武線各駅停車JB16飯田橋
89%
中央・総武線各駅停車JB31船橋
88%
中央・総武線各駅停車JB14四ツ谷
88%
中央・総武線各駅停車JB22錦糸町
88%
中央・総武線各駅停車JB04荻窪
88%
中央・総武線各駅停車JB11代々木
87%
中央・総武線各駅停車JB17水道橋
87%
中央・総武線各駅停車JB02吉祥寺
86%
中央・総武線各駅停車JB05阿佐ヶ谷
84%
中央・総武線各駅停車JB25新小岩
84%
中央・総武線各駅停車JB21両国
84%
中央・総武線各駅停車JB08東中野
83%
中央・総武線各駅停車JB06高円寺
83%
中央・総武線各駅停車JB03西荻窪
83%
中央・総武線各駅停車JB26小岩
83%
中央・総武線各駅停車JB15市ヶ谷
82%
中央・総武線各駅停車JB33津田沼
82%
中央・総武線各駅停車JB20浅草橋
81%
中央・総武線各駅停車JB09大久保
81%
中央・総武線各駅停車JB35幕張
79%
中央・総武線各駅停車JB27市川
78%
中央・総武線各駅停車JB38西千葉
78%
中央・総武線各駅停車JB13信濃町
76%
中央・総武線各駅停車JB12千駄ヶ谷
76%
中央・総武線各駅停車JB28本八幡
75%
中央・総武線各駅停車JB23亀戸
75%
中央・総武線各駅停車JB37稲毛
74%
中央・総武線各駅停車JB34幕張本郷
73%
中央・総武線各駅停車JB32東船橋
70%
中央・総武線各駅停車JB24平井
68%
中央・総武線各駅停車JB36新検見川
63%
中央・総武線各駅停車JB29下総中山
62%

Score Distribution

Percentile by Number Answered

Percent of People with Each Score

Your Score History

You have not taken this quiz